| 000 | 02290namaa2200445uu 4500 | ||
|---|---|---|---|
| 001 | doab96480 | ||
| 003 | oapen | ||
| 005 | 20260305123953.0 | ||
| 006 | m o d | ||
| 007 | cr|mn|---annan | ||
| 008 | 230131s2022 xx |||||o ||| 0|eng d | ||
| 020 | _a9781003245391 | ||
| 020 | _a9781003245391 | ||
| 020 | _a9781032156996 | ||
| 020 | _a9781032157023 | ||
| 024 | 7 |
_a10.4324/9781003245391 _2doi |
|
| 040 |
_aoapen _coapen |
||
| 041 | 0 | _aeng | |
| 042 | _adc | ||
| 072 | 7 |
_aHR _2bicssc |
|
| 072 | 7 |
_aHRCV _2bicssc |
|
| 072 | 7 |
_aJHM _2bicssc |
|
| 720 | 1 |
_aStelmaszyk, Mally _4aut |
|
| 245 | 0 | 0 |
_aShamanism in Siberia _bSound and Turbulence in Cursing Practices in Tuva |
| 260 |
_bTaylor & Francis _c2022 |
||
| 300 | _a1 online resource | ||
| 336 |
_atext _btxt _2rdacontent |
||
| 337 |
_acomputer _bc _2rdamedia |
||
| 338 |
_aonline resource _bcr _2rdacarrier |
||
| 506 | 0 |
_aFree-to-read _fUnrestricted online access _2star |
|
| 520 | _aThe focus of this book is on the phenomenon of cursing in shamanic practice and everyday life in Tuva, a former Soviet republic in Siberia. Based on extensive anthropological fieldwork where the author interacted with a wide range of people involved in cursing practices, the book examines Tuvans’ lived experience of cursing and shamanism, thereby providing deep insights into Tuvans’ intimate and social worlds. It highlights especially the centrality of sound: how interactions between humans and non-humans are brought about through an array of sonic phenomena, such as musical sounds, sounds within words and non-linguistic vocalisations, and how such sonic phenomena are a key part of dramatic cursing events and wider shamanic performance and ritual, involving humans and spirits alike. Overall, the book reveals a great deal about occult practices and about social change in post-Soviet Tuva. | ||
| 540 |
_aAll rights reserved _uhttp://oapen.org/content/about-rights |
||
| 546 | _aEnglish | ||
| 650 | 7 |
_aAnthropology _2bicssc |
|
| 650 | 7 |
_aChristian life & practice _2bicssc |
|
| 650 | 7 |
_aReligion & beliefs _2bicssc |
|
| 653 | _aShamanism; Siberia | ||
| 793 | 0 | _aDOAB Library. | |
| 856 | 4 | 0 |
_uhttps://directory.doabooks.org/handle/20.500.12854/96480 _70 _zFree-to-read: DOAB: description of the publication |
| 999 |
_c93224 _d93224 |
||